Quantitative aptitude : (Record no. 77663)

MARC details
000 -LEADER
fixed length control field 00626nam a22002057a 4500
005 - DATE AND TIME OF LATEST TRANSACTION
control field 20130816144454.0
010 ## - LCCN (DPL NO)
LC control number ENG-108075
020 ## - INTERNATIONAL STANDARD BOOK NUMBER
Terms of availability 500.00
035 ## - SYSTEM CONTROL NUMBER
System control number EN-91608
037 ## - SOURCE OF ACQUISITION
Source of stock number/acquisition DBAD/PUB
082 ## - DEWEY DECIMAL CLASSIFICATION NUMBER
Classification number 510
100 ## - MAIN ENTRY--PERSONAL NAME
Personal name Sharma, Munish
245 ## - TITLE STATEMENT
Title Quantitative aptitude :
Statement of responsibility, etc by Munish Sharma
Remainder of title session II-section D for CA-CPT /
250 ## - EDITION STATEMENT
Edition statement 2nd ed
260 ## - PUBLICATION, DISTRIBUTION, ETC. (IMPRINT)
Place of publication, distribution, etc New Delhi
Name of publisher, distributor, etc VG Learning Destination
Date of publication, distribution, etc 2013
270 ## - ADDRESS
Address 3-E/11, Jhandewalan Extension, Near Videocon Tower
City New Delhi
Postal code 110055
300 ## - PHYSICAL DESCRIPTION
Extent various pagings
Dimensions 28cm(pbk)
505 ## - FORMATTED CONTENTS NOTE
Formatted contents note Pt-1-mathematics
942 ## - ADDED ENTRY ELEMENTS (KOHA)
Source of classification or shelving scheme Dewey Decimal Classification
Item type English Books
Call number suffix SHA
Classification part 510
Holdings
Withdrawn status Lost status Not for loan Collection code Home library Current library Date acquired Source of acquisition Cost, normal purchase price Full call number Barcode Copy number Cost, replacement price Koha item type
    Not For Loan Non-fiction D.B.Act.Division D.B.Act.Division 18/07/2013 DBAD/PUB 500.00 510 SHA EN-91608 1 500.00 English Books

© Delhi Public Library
Hit Counter
free hit counter